000 00696cam a2200241 4500
008 000000n2000 000 0 eng u
020 _a0842190334
022 _a1354-506X
035 _a(Sirsi) u109404
050 _a690.25
_c18
100 _aProverbs, D.
245 _aSurveying flood damage to domestic dwellings : the present state of knowledge
260 _aLondon
_bRICS Research Foundation
_c2000
300 _a10p.
_c30cm.
490 _aRICS Foundation Research Papers
_v3(8)
650 _aFLOOD DAMAGE
650 _aFLOOD WATER
650 _aDAMAGE
650 _aDAMP
690 _aBUILDING AND CONSTRUCTION-REPAIRS AND MAINTENANCE
700 _aNicholas, J.
942 _n0
999 _c100931
_d100931